1826 1112 1946 1882 1814 1796 1288 1323 1755 1323 1052 1212 1055 1220 1364 1081 1822 1693 1434 1293 1007 1393 1086 1397 1345 1606 1336 1071 1359 1147 1214 1913 1421 1803 1179 1103 1185 1482 1213 1112 1601 1957 1537 1328 1319 1620 1704 1570 1138 1982 1469 1505 1581 1927 1868 1351 1759 1404 1335 1192 1208 1188 1346 1037 1131 1803 1103 1255 1295 1477 1222 1630 1136 1276 1768 1126 1282 1889 1073 1112 1945 1805 1223 1731 1243 1681 1036 1446 1345 1644 1192 1089 1085 1101 1904 1363 1129 1896 1228 BCNSPRNW ULIB Ver.6.0+V

เปลี่ยนเป็นภาษาไทย

Change to English
 แสดงรายละเอียดบรรณานุกรม
  กลับหน้าหลัก

Brief Record : Get Marc (ISO 2709) : E-mail record : QR code < ปิดหน้าต่าง
LEADER : 00000nam 2200000uu 4500
001    13399128550
003     ULIB
008    230906s2562||||th 000 0 tha d
020    ^a9786164432376
060 04 ^aWS366^bส873ย
245 00 ^aยาในเด็ก /^cบรรณาธิการ, สุวรรณา เรืองกาญจนเศรษฐ์
250    ^aเรียบเรียงครั้งที่ 4 (พิมพ์ครั้งที่ 1, 2562)
260    ^aกรุงเทพฯ :^bภาควิชากุมารเวชศาสตร์คณะแพทยศาสตร์โรงพยาบาลรามาธิบดี มหาวิทยาลัยมหิดล,^c2562
300    ^aก-ผ, 235 หน้า ;^c18 ซม.
650  0 ^aDrugs^xDosage
650  2 ^aDrug Utilization
650  4 ^aการใช้ยา^xในวัยทารกและวัยเด็ก
650  4 ^aยา^xการใช้และขนาด^xในวัยทารกและวัยเด็ก
700 0  ^aสุวรรณา เรืองกาญจนเศรษฐ์,^eบรรณาธิการ
710 2  ^aมหาวิทยาลัยมหิดล.^bคณะแพทยศาสตร์โรงพยาบาลรามาธิบดี.^bภาควิชากุมารเวชศาสตร์
945    ^p250^l0^i29712
945    ^p250^l0^i29713
945    ^p250^l0^i29714
945    ^p250^l0^i29715
945    ^p250^l0^i29716
999    ^aกัณชพร จุลอักษร
รายการนี้ยังไม่มีแท็ก
คุณยังไม่ได้ล็อกอิน คุณสามารถมีกิจกรรมร่วมกับเว็บไซต์ได้ แต่ต้องล็อกอินก่อน ::
  ล็อกอิน

รายการสื่อสารสนเทศ

ลำดับที่ ประเภท เลขเรียก/บาร์โค้ด สถานที่ สถานะ
1. หนังสือสำรอง
หนังสือสำรอง
WS366 ส873ย ฉ.1 
  Barcode: 29712
ห้องสมุดวิทยาเขตนครสวรรค์
►หนังสือทั่วไป:l:General Books
บนชั้น
2. วิทยาศาสตร์การแพทย์ และสุขภาพ
วิทยาศาสตร์การแพทย์ และสุขภาพ
WS366 ส873ย ฉ.2 
  Barcode: 29713
ห้องสมุดวิทยาเขตนครสวรรค์
►หนังสือทั่วไป:l:General Books
บนชั้น
3. วิทยาศาสตร์การแพทย์ และสุขภาพ
วิทยาศาสตร์การแพทย์ และสุขภาพ
WS366 ส873ย ฉ.3 
  Barcode: 29714
ห้องสมุดวิทยาเขตนครสวรรค์
►หนังสือทั่วไป:l:General Books
บนชั้น
4. วิทยาศาสตร์การแพทย์ และสุขภาพ
วิทยาศาสตร์การแพทย์ และสุขภาพ
WS366 ส873ย ฉ.4 
  Barcode: 29715
ห้องสมุดวิทยาเขตนครสวรรค์
►หนังสือทั่วไป:l:General Books
ถูกยืม กำหนดส่งวันที่ 19 พฤษภาคม 2569
  จอง
5. วิทยาศาสตร์การแพทย์ และสุขภาพ
วิทยาศาสตร์การแพทย์ และสุขภาพ
WS366 ส873ย ฉ.5 
  Barcode: 29716
ห้องสมุดวิทยาเขตนครสวรรค์
►หนังสือทั่วไป:l:General Books
บนชั้น

รายการใกล้เคียง
    หัวเรื่อง [Drug Utilization]

BibComment


ยังไม่เคยถูกคอมเมนท์

คอมเมนท์ทรัพยากรรายการนี้
  คอมเมนท์: ยาในเด็ก บรรณาธ..


 Copyright 2026. Bcnsprnw @Library